| 000 | 00562nam a2200193 a 4500 | ||
|---|---|---|---|
| 001 | 000044105 | ||
| 005 | 20201002045141.0 | ||
| 008 | 140516s1997 sp 000 0 spa d | ||
| 020 | _a8474326435 | ||
| 040 |
_aDO-SdBNP _bspa _cBNPHU |
||
| 100 | 1 |
_aEines, Jorge. _972098 |
|
| 245 | 1 | 0 |
_aDidactica de la Dramatización / _cJorge Eines y Alfredo Mantovani. |
| 250 | _a2a. ed. | ||
| 260 |
_aBarcelona : _bGediza, _c1997. |
||
| 300 |
_a181 p. ; _c23 cm. |
||
| 490 | 1 | _aArte acción | |
| 700 | 1 | 2 |
_aMantovani Giribaldi, Alfredo. _972099 |
| 830 | 0 |
_aArte acción _972100 |
|
| 999 |
_c43594 _d43594 |
||